[Event "Niedersachsen-ch op-D"]
[Site "Verden"]
[Date "2017.01.05"]
[Round "1"]
[White "Berger, Johanna"]
[Black "Kieselbach, Marvin"]
[Result "0-1"]
[WhiteElo "705"]
[BlackElo "1148"]
[PlyCount "42"]
[EventDate "2017.01.05"]
[EventType "swiss"]
[EventRounds "7"]
[EventCountry "GER"]
[SourceTitle "CBM 187 Extra"]
[Source "ChessBase"]
[SourceDate "2018.11.04"]
[SourceVersion "1"]
[SourceVersionDate "2018.11.04"]
[SourceQuality "1"]

1. e4 e5 2. Nf3 Nc6 3. Nc3 Nf6 4. Bb5 a6 5. Ba4 Bc5 6. d3 d6 7. Bg5 Be6 8. Bb3 h6 9. Bh4 Bb6 10. Bxe6 fxe6 11. 0-0 g5 12. Bg3 Nh5 13. Bxe5 dxe5 14. Nd2 Nf4 15. Qf3 Nd4 16. Qe3 Nxc2 17. Rac1 Nxe3 18. fxe3 Bxe3+ 19. Kh1 Bxd2 20. Rc2 Qxd3 21. Rxd2 Qxf1# 0-1